[Event "CZE Extraliga 2019-20"]
[Site "Czech Republic"]
[Date "2019.10.12"]
[Round "1.6"]
[White "Konopka, Michal"]
[Black "Vlasak, Lukas"]
[Result "0-1"]
[WhiteElo "2345"]
[BlackElo "2423"]
[Annotator "NA"]
[PlyCount "68"]
[EventDate "2019.09.15"]
[EventType "team-tourn"]
[EventCountry "CZE"]
[SourceTitle "playchess.com"]
[Source "ChessBase"]
[SourceQuality "1"]
[WhiteTeam "Kromeriz"]
[BlackTeam "Turnov"]
[TimeControl "40/5400+30:1800+30"]

1. Nf3 {[%emt 0:00:00]} d5 {[%emt 0:00:00]} 2. d4 {[%emt 0:00:00]} Nf6 {[%emt 0:00:15]} 3. c4 {[%emt 0:00:14]} e6 {[%emt 0:00:17]} 4. g3 {[%emt 0:00:12]} dxc4 {[%emt 0:02:34]} 5. Qa4+ {[%emt 0:05:05]} Nbd7 {[%emt 0:03:39]} 6. Bg2 {[%emt 0:00:10]} a6 {[%emt 0:00:18]} 7. Nc3 {[%emt 0:00:32]} Be7 {[%emt 0:02:13]} 8. Qxc4 {[%emt 0:18:45]} b5 {[%emt 0:03:13]} 9. Qd3 {[%emt 0:00:44]} Bb7 {[%emt 0:00:21]} 10. O-O {[%emt 0:00:07]} O-O {[%emt 0:00:29]} 11. Bg5 {[%emt 0:04:58]} c5 {[%emt 0:00:20]} 12. dxc5 {[%emt 0:00:45]} Nxc5 {[%emt 0:01:22]} 13. Qe3 {[%emt 0:04:47]} b4 {[%emt 0:16:57]} 14. Bxf6 {[%emt 0:02:23]} Bxf6 {[%emt 0:07:54]} 15. Qxc5 {[%emt 0:00:37]} bxc3 {[%emt 0:00:09]} 16. bxc3 {[%emt 0:05:19]} Rc8 {[%emt 0:03:37]} 17. Qa7 {[%emt 0:02:33]} Rc7 {[%emt 0:04:00]} 18. Rfd1 {[%emt 0:07:02]} Qc8 {[%emt 0:04:07]} 19. Qb6 {[%emt 0:06:44]} Rxc3 {[%emt 0:13:41]} 20. Rab1 {[%emt 0:16:06]} Be4 {[%emt 0:04:47]} 21. Rb4 {[%emt 0:02:48]} Bd5 {[%emt 0:08:12]} 22. Ra4 {[%emt 0:08:11]} Bc4 {[%emt 0:04:09]} 23. Bf1 {[%emt 0:03:38]} Bb5 {[%emt 0:05:37]} 24. Re4 {[%emt 0:00:43]} Ra3 {[%emt 0:01:44]} 25. Nd4 {[%emt 0:01:34]} Rxa2 {[%emt 0:02:58]} 26. Nxb5 {[%emt 0:02:03]} Rb2 {[%emt 0:01:09]} 27. Ra4 {[%emt 0:04:56]} axb5 {[%emt 0:02:40]} 28. Ra7 {[%emt 0:00:22]} Qc2 {[%emt 0:06:28]} 29. Rdd7 {[%emt 0:01:14]} Rb1 {[%emt 0:00:46]} 30. Qe3 {[%emt 0:01:33]} b4 {[%emt 0:00:27]} 31. Rxf7 {[%emt 0:00:15]} Rxf1+ {[%emt 0:00:07]} 32. Kxf1 {[%emt 0:00:05]} Qd1+ {[%emt 0:00:06]} 33. Kg2 {[%emt 0:00:13]} Qd5+ {[%emt 0:00:05]} 34. f3 {[%emt 0:00:15]} Rxf7 {[%emt 0:00:06]} 0-1

[Event "CZE Extraliga 2019-20"]
[Site "Czech Republic"]
[Date "2019.10.12"]
[Round "1.6"]
[White "Rabatin, Jakub"]
[Black "Petr, Martin"]
[Result "0-1"]
[WhiteElo "2303"]
[BlackElo "2460"]
[Annotator "ChessBase"]
[PlyCount "66"]
[EventDate "2019.09.15"]
[EventType "team-tourn"]
[EventCountry "CZE"]
[SourceTitle "playchess.com"]
[Source "ChessBase"]
[SourceQuality "1"]
[BlackTeam "Pardubice"]
[TimeControl "40/5400+30:1800+30"]

1. d4 {[%emt 0:00:09]} Nf6 {[%emt 0:00:53]} 2. Nf3 {[%emt 0:00:11]} g6 {[%emt 0:00:22]} 3. Bg5 {[%emt 0:00:20]} Bg7 {[%emt 0:01:04]} 4. c3 {[%emt 0:00:46]} O-O {[%emt 0:05:51]} 5. Nbd2 {[%emt 0:00:15]} d5 {[%emt 0:02:25]} 6. e3 {[%emt 0:00:40]} b6 {[%emt 0:01:39]} 7. Bd3 {[%emt 0:03:46]} Bb7 {[%emt 0:00:26]} 8. Ne5 {[%emt 0:04:17]} Ne4 {[%emt 0:07:42]} 9. Nxe4 {[%emt 0:15:47]} dxe4 {[%emt 0:00:11]} 10. Bc4 {[%emt 0:00:14]} Nd7 {[%emt 0:02:13]} 11. Bf4 {[%emt 0:05:36]} e6 {[%emt 0:04:45]} 12. O-O {[%emt 0:09:41]} Nxe5 {[%emt 0:04:22]} 13. dxe5 {[%emt 0:04:27]} Qxd1 {[%emt 0:22:56]} 14. Rfxd1 {[%emt 0:00:05]} Rfd8 {[%emt 0:00:04]} 15. Kf1 {[%emt 0:12:38]} h6 {[%emt 0:02:29]} 16. h4 {[%emt 0:16:32]} Bf8 {[%emt 0:03:40]} 17. a4 {[%emt 0:03:08]} a6 {[%emt 0:01:55]} 18. h5 {[%emt 0:03:01]} gxh5 {[%emt 0:01:43]} 19. Ke2 {[%emt 0:00:32]} Rxd1 {[%emt 0:01:41]} 20. Rxd1 {[%emt 0:00:14]} Bc6 {[%emt 0:00:04]} 21. Bb3 {[%emt 0:02:30]} Kg7 {[%emt 0:07:25]} 22. Bc2 {[%emt 0:01:44]} b5 {[%emt 0:01:06]} 23. a5 {[%emt 0:05:56]} b4 {[%emt 0:03:15]} 24. Rd4 {[%emt 0:01:06]} b3 {[%emt 0:05:25]} 25. Bb1 {[%emt 0:05:51]} Rb8 {[%emt 0:04:58]} 26. Kd1 {[%emt 0:01:09]} Rb5 {[%emt 0:01:29]} 27. Bxe4 {[%emt 0:02:17]} Bxe4 {[%emt 0:00:09]} 28. Rxe4 {[%emt 0:00:02]} Rxa5 {[%emt 0:00:06]} 29. Rd4 {[%emt 0:00:42]} Ra2 {[%emt 0:03:53]} 30. Rd2 {[%emt 0:00:40]} a5 {[%emt 0:00:04]} 31. e4 {[%emt 0:00:13]} a4 {[%emt 0:00:48]} 32. Re2 {[%emt 0:00:20]} a3 {[%emt 0:00:26]} 33. Bc1 {[%emt 0:00:36]} Ra1 {[%emt 0:00:47]} 0-1

[Event "CZE Extraliga 2019-20"]
[Site "Czech Republic"]
[Date "2019.10.12"]
[Round "1.7"]
[White "Jirovsky, Milos"]
[Black "Rojicek, Vojtech"]
[Result "1-0"]
[WhiteElo "2452"]
[BlackElo "2389"]
[Annotator "ChessBase"]
[PlyCount "77"]
[EventDate "2019.09.15"]
[EventType "team-tourn"]
[EventCountry "CZE"]
[SourceTitle "playchess.com"]
[Source "ChessBase"]
[SourceQuality "1"]
[WhiteTeam "Pardubice"]
[TimeControl "40/5400+30:1800+30"]

1. Nf3 {[%emt 0:00:00]} Nf6 {[%emt 0:00:27]} 2. c4 {[%emt 0:00:00]} g6 {[%emt 0:00:11]} 3. b3 {[%emt 0:00:02]} Bg7 {[%emt 0:02:18]} 4. Bb2 {[%emt 0:00:08]} O-O {[%emt 0:00:21]} 5. g3 {[%emt 0:00:16]} d6 {[%emt 0:06:02]} 6. d4 {[%emt 0:01:53]} c6 {[%emt 0:00:02]} 7. Bg2 {[%emt 0:00:09]} Qa5+ {[%emt 0:02:27]} 8. Qd2 {[%emt 0:04:35]} Qxd2+ {[%emt 0:02:18]} 9. Nbxd2 {[%emt 0:00:24]} a5 {[%emt 0:00:08]} 10. O-O {[%emt 0:03:40]} Re8 {[%emt 0:01:15]} 11. Rac1 {[%emt 0:05:08]} h6 {[%emt 0:07:19]} 12. Rfd1 {[%emt 0:05:30]} Be6 {[%emt 0:09:10]} 13. Ne1 {[%emt 0:05:08]} Bf5 {[%emt 0:02:34]} 14. e4 {[%emt 0:01:28]} Bg4 {[%emt 0:00:08]} 15. f3 {[%emt 0:00:40]} Bc8 {[%emt 0:00:08]} 16. Nd3 {[%emt 0:01:16]} Nfd7 {[%emt 0:02:40]} 17. f4 {[%emt 0:03:47]} e5 {[%emt 0:00:30]} 18. c5 {[%emt 0:00:24]} dxc5 {[%emt 0:06:37]} 19. dxe5 {[%emt 0:01:09]} b5 {[%emt 0:00:11]} 20. e6 {[%emt 0:17:31]} Rxe6 {[%emt 0:01:10]} 21. Bxg7 {[%emt 0:00:22]} Kxg7 {[%emt 0:00:04]} 22. e5 {[%emt 0:00:07]} Na6 {[%emt 0:12:14]} 23. Ne4 {[%emt 0:01:04]} Ra7 {[%emt 0:01:47]} 24. Nd6 {[%emt 0:20:26]} Rc7 {[%emt 0:00:16]} 25. Bh3 {[%emt 0:00:16]} Re7 {[%emt 0:00:50]} 26. Bxd7 {[%emt 0:00:48]} Bxd7 {[%emt 0:00:39]} 27. Nxc5 {[%emt 0:00:06]} Nxc5 {[%emt 0:01:37]} 28. Rxc5 {[%emt 0:00:22]} Ra7 {[%emt 0:03:11]} 29. Ne4 {[%emt 0:00:14]} g5 {[%emt 0:08:25]} 30. fxg5 {[%emt 0:01:36]} hxg5 {[%emt 0:00:04]} 31. Nxg5 {[%emt 0:00:07]} a4 {[%emt 0:00:11]} 32. b4 {[%emt 0:01:15]} a3 {[%emt 0:00:05]} 33. h4 {[%emt 0:03:54]} Ra4 {[%emt 0:05:03]} 34. Rd4 {[%emt 0:00:50]} Bf5 {[%emt 0:02:21]} 35. Rxc6 {[%emt 0:05:24]} Bb1 {[%emt 0:03:18]} 36. h5 {[%emt 0:00:16]} Rxe5 {[%emt 0:02:33]} 37. h6+ {[%emt 0:00:36]} Kf8 {[%emt 0:00:01]} 38. Rc7 {[%emt 0:08:19]} Ke8 {[%emt 0:00:31]} 39. Nxf7 {[%emt 0:02:08]} 1-0

[Event "CZE Extraliga 2019-20"]
[Site "Czech Republic"]
[Date "2019.10.12"]
[Round "1.7"]
[White "Studnicka, Tomas"]
[Black "Hollan, Petr"]
[Result "1-0"]
[WhiteElo "2341"]
[BlackElo "2301"]
[Annotator "NA"]
[PlyCount "89"]
[EventDate "2019.09.15"]
[EventType "team-tourn"]
[EventCountry "CZE"]
[SourceTitle "playchess.com"]
[Source "ChessBase"]
[SourceQuality "1"]
[WhiteTeam "Turnov"]
[BlackTeam "Kromeriz"]
[TimeControl "40/5400+30:1800+30"]

1. d4 {[%emt 0:00:02]} Nf6 {[%emt 0:00:30]} 2. Nf3 {[%emt 0:00:05]} e6 {[%emt 0:01:54]} 3. Bf4 {[%emt 0:00:03]} c5 {[%emt 0:00:22]} 4. e3 {[%emt 0:00:02]} Nc6 {[%emt 0:00:06]} 5. c3 {[%emt 0:00:06]} d5 {[%emt 0:00:06]} 6. Nbd2 {[%emt 0:00:06]} cxd4 {[%emt 0:00:06]} 7. cxd4 {[%emt 0:06:16]} Nh5 {[%emt 0:13:51]} 8. Bg5 {[%emt 0:03:04]} f6 {[%emt 0:04:06]} 9. Bh4 {[%emt 0:01:16]} g6 {[%emt 0:00:11]} 10. Be2 {[%emt 0:01:28]} Be7 {[%emt 0:04:22]} 11. O-O {[%emt 0:03:55]} O-O {[%emt 0:00:31]} 12. a3 {[%emt 0:01:28]} g5 {[%emt 0:45:11]} 13. Ne1 {[%emt 0:03:49]} Ng7 {[%emt 0:00:16]} 14. Bg3 {[%emt 0:00:45]} e5 {[%emt 0:02:27]} 15. dxe5 {[%emt 0:04:53]} fxe5 {[%emt 0:00:19]} 16. Qb3 {[%emt 0:03:56]} Kh8 {[%emt 0:01:50]} 17. Rd1 {[%emt 0:03:28]} Nf5 {[%emt 0:12:56]} 18. Bf3 {[%emt 0:21:12]} Nxg3 {[%emt 0:01:37]} 19. hxg3 {[%emt 0:01:17]} d4 {[%emt 0:00:20]} 20. Bxc6 {[%emt 0:11:51]} bxc6 {[%emt 0:00:05]} 21. Nef3 {[%emt 0:00:15]} Bf6 {[%emt 0:03:36]} 22. exd4 {[%emt 0:01:18]} exd4 {[%emt 0:00:12]} 23. Ne4 {[%emt 0:02:10]} Bg4 {[%emt 0:02:45]} 24. Qc4 {[%emt 0:03:18]} Rc8 {[%emt 0:03:22]} 25. Nxf6 {[%emt 0:02:39]} Qxf6 {[%emt 0:00:08]} 26. Qxd4 {[%emt 0:00:12]} Qxd4 {[%emt 0:00:29]} 27. Rxd4 {[%emt 0:00:03]} Bxf3 {[%emt 0:00:05]} 28. gxf3 {[%emt 0:00:03]} Rxf3 {[%emt 0:00:06]} 29. Rd7 {[%emt 0:00:07]} Rb8 {[%emt 0:02:07]} 30. Kg2 {[%emt 0:00:18]} Rf6 {[%emt 0:00:20]} 31. b4 {[%emt 0:00:16]} Ra8 {[%emt 0:00:32]} 32. Re1 {[%emt 0:03:44]} Raf8 {[%emt 0:00:28]} 33. Ree7 {[%emt 0:00:04]} Rxf2+ {[%emt 0:00:38]} 34. Kh3 {[%emt 0:00:02]} g4+ {[%emt 0:00:31]} 35. Kxg4 {[%emt 0:00:20]} Rh2 {[%emt 0:00:13]} 36. Rxa7 {[%emt 0:01:21]} Rg8+ {[%emt 0:00:38]} 37. Kf4 {[%emt 0:04:08]} Rf2+ {[%emt 0:00:24]} 38. Ke5 {[%emt 0:00:27]} Re2+ {[%emt 0:00:46]} 39. Kd6 {[%emt 0:00:02]} Rxe7 {[%emt 0:00:18]} 40. Rxe7 {[%emt 0:00:02]} Rxg3 {[%emt 0:00:06]} 41. a4 {[%emt 0:34:46]} Rg4 {[%emt 0:13:53]} 42. Kc5 {[%emt 0:00:00]} h5 {[%emt 0:00:27]} 43. a5 {[%emt 0:00:00]} Rg5+ {[%emt 0:09:16]} 44. Kxc6 {[%emt 0:00:00]} h4 {[%emt 0:00:17]} 45. a6 {[%emt 0:00:00]} 1-0

[Event "CZE Extraliga 2019-20"]
[Site "Czech Republic"]
[Date "2019.10.12"]
[Round "1.7"]
[White "Zeman, Matyas"]
[Black "Kulhanek, Tomas"]
[Result "1/2-1/2"]
[WhiteElo "2247"]
[BlackElo "2343"]
[Annotator "NA"]
[PlyCount "90"]
[EventDate "2019.09.15"]
[EventType "team-tourn"]
[EventCountry "CZE"]
[SourceTitle "playchess.com"]
[Source "ChessBase"]
[SourceQuality "1"]
[TimeControl "40/5400+30:1800+30"]

1. e4 {[%emt 0:00:35]} e6 {[%emt 0:00:40]} 2. d4 {[%emt 0:01:12]} d5 {[%emt 0:00:35]} 3. Nc3 {[%emt 0:00:59]} Bb4 {[%emt 0:00:36]} 4. exd5 {[%emt 0:02:19]} exd5 {[%emt 0:00:45]} 5. Bd3 {[%emt 0:00:00]} c6 {[%emt 0:01:03]} 6. Nge2 {[%emt 0:00:00]} Ne7 {[%emt 0:06:09]} 7. O-O {[%emt 0:04:28]} Bf5 {[%emt 0:01:12]} 8. Ng3 {[%emt 0:00:29]} Bxd3 {[%emt 0:01:35]} 9. Qxd3 {[%emt 0:00:44]} O-O {[%emt 0:00:11]} 10. Nce2 {[%emt 0:00:55]} Na6 {[%emt 0:04:59]} 11. Nf4 {[%emt 0:10:47]} Bd6 {[%emt 0:06:06]} 12. Bd2 {[%emt 0:08:58]} Bxf4 {[%emt 0:08:04]} 13. Bxf4 {[%emt 0:00:54]} Ng6 {[%emt 0:00:15]} 14. Bd2 {[%emt 0:01:59]} Re8 {[%emt 0:02:53]} 15. f4 {[%emt 0:10:32]} f6 {[%emt 0:03:01]} 16. f5 {[%emt 0:01:20]} Nf8 {[%emt 0:00:50]} 17. Rf4 {[%emt 0:07:09]} Re7 {[%emt 0:04:38]} 18. Rg4 {[%emt 0:04:32]} Qe8 {[%emt 0:00:38]} 19. Rf1 {[%emt 0:09:38]} Kh8 {[%emt 0:01:58]} 20. Qf3 {[%emt 0:01:37]} Rd8 {[%emt 0:04:17]} 21. Rh4 {[%emt 0:05:20]} c5 {[%emt 0:15:06]} 22. dxc5 {[%emt 0:03:39]} Nxc5 {[%emt 0:01:17]} 23. Bb4 {[%emt 0:01:54]} b6 {[%emt 0:01:23]} 24. Qf2 {[%emt 0:07:01]} Nfd7 {[%emt 0:05:57]} 25. Qd4 {[%emt 0:02:09]} a5 {[%emt 0:03:43]} 26. Bc3 {[%emt 0:01:38]} Ne5 {[%emt 0:02:35]} 27. Rh3 {[%emt 0:04:34]} Nf7 {[%emt 0:05:41]} 28. Nh5 {[%emt 0:02:47]} Ng5 {[%emt 0:03:26]} 29. Nxf6 {[%emt 0:00:10]} Nxh3+ {[%emt 0:01:13]} 30. gxh3 {[%emt 0:00:01]} Qa4 {[%emt 0:03:10]} 31. b4 {[%emt 0:04:19]} axb4 {[%emt 0:06:36]} 32. Qh4 {[%emt 0:00:07]} g5 {[%emt 0:02:02]} 33. Nxd5+ {[%emt 0:01:04]} bxc3 {[%emt 0:00:07]} 34. Qxa4 {[%emt 0:00:02]} Nxa4 {[%emt 0:00:11]} 35. Nxe7 {[%emt 0:00:01]} Kg7 {[%emt 0:00:28]} 36. Nc6 {[%emt 0:02:29]} Rd5 {[%emt 0:01:46]} 37. Nb4 {[%emt 0:01:22]} Rd2 {[%emt 0:01:29]} 38. h4 {[%emt 0:00:43]} gxh4 {[%emt 0:00:19]} 39. Rf4 {[%emt 0:00:17]} h3 {[%emt 0:00:28]} 40. f6+ {[%emt 0:00:37]} Kf7 {[%emt 0:01:09]} 41. Nd3 {[%emt 0:06:59]} Nc5 {[%emt 0:01:59]} 42. Nxc5 {[%emt 0:02:03]} bxc5 {[%emt 0:00:01]} 43. Rf2 {[%emt 0:00:05]} Rd1+ {[%emt 0:00:06]} 44. Rf1 {[%emt 0:00:03]} Rd2 {[%emt 0:00:17]} 45. Rf2 {[%emt 0:00:04]} Rd1+ {[%emt 0:00:04]} 1/2-1/2

[Event "CZE Extraliga 2019-20"]
[Site "Czech Republic"]
[Date "2019.10.12"]
[Round "1.8"]
[White "BSS13 Vesselovsky Serguei IM"]
[Black "Rosko, Lubos"]
[Result "1/2-1/2"]
[WhiteElo "2306"]
[BlackElo "2317"]
[Annotator "NA"]
[PlyCount "32"]
[EventDate "2019.09.15"]
[EventType "team-tourn"]
[EventCountry "CZE"]
[SourceTitle "playchess.com"]
[Source "ChessBase"]
[SourceQuality "1"]
[BlackTeam "Pardubice"]
[TimeControl "40/5400+30:1800+30"]

1. e4 {[%emt 0:00:00]} c5 {[%emt 0:00:00]} 2. c3 {[%emt 0:00:00]} d5 {[%emt 0:00:58]} 3. exd5 {[%emt 0:00:00]} Qxd5 {[%emt 0:00:08]} 4. d4 {[%emt 0:00:00]} Nf6 {[%emt 0:00:33]} 5. Nf3 {[%emt 0:00:22]} Bg4 {[%emt 0:00:24]} 6. Nbd2 {[%emt 0:00:14]} Nc6 {[%emt 0:04:36]} 7. Bc4 {[%emt 0:00:58]} Bxf3 {[%emt 0:03:21]} 8. Qb3 {[%emt 0:00:56]} Na5 {[%emt 0:05:59]} 9. Qb5+ {[%emt 0:01:07]} Qd7 {[%emt 0:02:02]} 10. Nxf3 {[%emt 0:00:27]} Nxc4 {[%emt 0:00:30]} 11. Qxc4 {[%emt 0:00:12]} cxd4 {[%emt 0:01:22]} 12. Nxd4 {[%emt 0:00:37]} e6 {[%emt 0:13:15]} 13. Bg5 {[%emt 0:12:36]} Rc8 {[%emt 0:11:23]} 14. Qe2 {[%emt 0:10:07]} Be7 {[%emt 0:01:25]} 15. O-O {[%emt 0:18:04]} O-O {[%emt 0:02:30]} 16. Rfd1 {[%emt 0:02:03]} Qd5 {[%emt 0:11:31]} 1/2-1/2

[Event "CZE Extraliga 2019-20"]
[Site "Czech Republic"]
[Date "2019.10.12"]
[Round "1.8"]
[White "Kuba, Jindrich"]
[Black "Barak, David"]
[Result "1/2-1/2"]
[WhiteElo "2295"]
[BlackElo "2070"]
[Annotator "NA"]
[PlyCount "85"]
[EventDate "2019.09.15"]
[EventType "team-tourn"]
[EventCountry "CZE"]
[SourceTitle "playchess.com"]
[Source "ChessBase"]
[SourceQuality "1"]
[BlackTeam "Duras"]
[TimeControl "40/5400+30:1800+30"]

1. e4 {[%emt 0:00:00]} c6 {[%emt 0:00:00]} 2. d4 {[%emt 0:00:00]} d5 {[%emt 0:00:00]} 3. Nc3 {[%emt 0:00:23]} dxe4 {[%emt 0:00:00]} 4. Nxe4 {[%emt 0:00:06]} Nd7 {[%emt 0:00:07]} 5. Bd3 {[%emt 0:03:03]} Ndf6 {[%emt 0:05:11]} 6. c3 {[%emt 0:06:39]} Nxe4 {[%emt 0:01:32]} 7. Bxe4 {[%emt 0:00:34]} Nf6 {[%emt 0:00:07]} 8. Bd3 {[%emt 0:00:00]} Bg4 {[%emt 0:02:01]} 9. f3 {[%emt 0:00:12]} Bh5 {[%emt 0:03:49]} 10. Nh3 {[%emt 0:03:12]} e6 {[%emt 0:04:49]} 11. Bg5 {[%emt 0:03:10]} Be7 {[%emt 0:05:27]} 12. Qe2 {[%emt 0:09:11]} Bg6 {[%emt 0:09:35]} 13. Bc4 {[%emt 0:03:39]} Qc7 {[%emt 0:10:34]} 14. Bf4 {[%emt 0:09:24]} Bd6 {[%emt 0:09:11]} 15. Bxd6 {[%emt 0:01:08]} Qxd6 {[%emt 0:00:07]} 16. Qe5 {[%emt 0:04:23]} Qxe5+ {[%emt 0:13:06]} 17. dxe5 {[%emt 0:00:08]} Nd7 {[%emt 0:00:06]} 18. f4 {[%emt 0:00:14]} O-O-O {[%emt 0:00:12]} 19. O-O-O {[%emt 0:01:51]} Nc5 {[%emt 0:01:51]} 20. Nf2 {[%emt 0:01:18]} Ne4 {[%emt 0:07:27]} 21. Nxe4 {[%emt 0:03:49]} Bxe4 {[%emt 0:00:07]} 22. Rxd8+ {[%emt 0:03:59]} Rxd8 {[%emt 0:00:10]} 23. Be2 {[%emt 0:01:36]} g6 {[%emt 0:09:31]} 24. Rg1 {[%emt 0:00:08]} h5 {[%emt 0:02:14]} 25. h4 {[%emt 0:01:31]} Kc7 {[%emt 0:05:04]} 26. g3 {[%emt 0:00:18]} Kb6 {[%emt 0:03:00]} 27. b4 {[%emt 0:01:17]} Kc7 {[%emt 0:04:31]} 28. Rd1 {[%emt 0:00:17]} Rxd1+ {[%emt 0:02:54]} 29. Kxd1 {[%emt 0:00:11]} b6 {[%emt 0:00:31]} 30. Kd2 {[%emt 0:00:08]} Bb1 {[%emt 0:00:52]} 31. a3 {[%emt 0:00:18]} Be4 {[%emt 0:00:16]} 32. Ke3 {[%emt 0:00:25]} Bc2 {[%emt 0:00:53]} 33. Kd4 {[%emt 0:00:15]} Bf5 {[%emt 0:00:35]} 34. Bd1 {[%emt 0:01:09]} Bh3 {[%emt 0:00:23]} 35. c4 {[%emt 0:01:09]} Bf5 {[%emt 0:00:34]} 36. a4 {[%emt 0:00:59]} Bh3 {[%emt 0:00:35]} 37. c5 {[%emt 0:02:55]} b5 {[%emt 0:00:32]} 38. axb5 {[%emt 0:01:39]} cxb5 {[%emt 0:00:02]} 39. Bf3 {[%emt 0:00:39]} a6 {[%emt 0:00:53]} 40. c6 {[%emt 0:02:14]} Bf5 {[%emt 0:00:33]} 41. Kc5 {[%emt 0:30:08]} Bh3 {[%emt 0:30:22]} 42. Be2 {[%emt 0:05:28]} Bf5 {[%emt 0:00:40]} 43. Bf3 {[%emt 0:04:20]} 1/2-1/2

[Event "CZE Extraliga 2019-20"]
[Site "Czech Republic"]
[Date "2019.10.12"]
[Round "1.8"]
[White "Pribyl, Josef"]
[Black "Vymazal, Bronislav"]
[Result "0-1"]
[WhiteElo "2234"]
[BlackElo "2347"]
[Annotator "NA"]
[PlyCount "80"]
[EventDate "2019.09.15"]
[EventType "team-tourn"]
[EventCountry "CZE"]
[SourceTitle "playchess.com"]
[Source "ChessBase"]
[SourceQuality "1"]
[TimeControl "40/5400+30:1800+30"]

1. d4 {[%emt 0:00:00]} f5 {[%emt 0:00:00]} 2. g3 {[%emt 0:00:01]} Nf6 {[%emt 0:00:00]} 3. Bg2 {[%emt 0:00:08]} g6 {[%emt 0:00:00]} 4. Nf3 {[%emt 0:00:47]} Bg7 {[%emt 0:00:00]} 5. c4 {[%emt 0:00:14]} O-O {[%emt 0:00:04]} 6. Nc3 {[%emt 0:00:11]} d6 {[%emt 0:00:05]} 7. O-O {[%emt 0:00:20]} Qe8 {[%emt 0:00:48]} 8. Bg5 {[%emt 0:00:54]} e5 {[%emt 0:20:52]} 9. Qc1 {[%emt 0:12:07]} e4 {[%emt 0:07:22]} 10. Ne1 {[%emt 0:01:14]} c6 {[%emt 0:05:34]} 11. Nc2 {[%emt 0:03:24]} Be6 {[%emt 0:00:22]} 12. b3 {[%emt 0:22:19]} Nbd7 {[%emt 0:03:08]} 13. Bh6 {[%emt 0:01:53]} d5 {[%emt 0:07:21]} 14. cxd5 {[%emt 0:00:18]} Nxd5 {[%emt 0:00:15]} 15. Nxd5 {[%emt 0:00:44]} Bxd5 {[%emt 0:00:50]} 16. Bxg7 {[%emt 0:00:48]} Kxg7 {[%emt 0:00:09]} 17. Ne3 {[%emt 0:02:41]} Nf6 {[%emt 0:05:37]} 18. Qd2 {[%emt 0:01:18]} Qe6 {[%emt 0:03:37]} 19. f4 {[%emt 0:01:31]} exf3 {[%emt 0:01:05]} 20. exf3 {[%emt 0:00:02]} Rad8 {[%emt 0:06:26]} 21. Rfe1 {[%emt 0:00:26]} Qd6 {[%emt 0:00:45]} 22. Rad1 {[%emt 0:00:48]} f4 {[%emt 0:07:12]} 23. Nf1 {[%emt 0:03:07]} Rf7 {[%emt 0:07:18]} 24. g4 {[%emt 0:06:04]} Nxg4 {[%emt 0:04:46]} 25. Qa5 {[%emt 0:02:21]} b6 {[%emt 0:01:51]} 26. Qc3 {[%emt 0:00:28]} Nh6 {[%emt 0:03:10]} 27. Nd2 {[%emt 0:00:15]} Nf5 {[%emt 0:00:21]} 28. Ne4 {[%emt 0:03:01]} Bxe4 {[%emt 0:03:09]} 29. Rxe4 {[%emt 0:00:02]} Ne3 {[%emt 0:01:49]} 30. Re1 {[%emt 0:00:02]} Qf6 {[%emt 0:00:34]} 31. Rc1 {[%emt 0:03:15]} c5 {[%emt 0:00:28]} 32. Bf1 {[%emt 0:04:39]} Rxd4 {[%emt 0:02:29]} 33. Rxd4 {[%emt 0:00:22]} cxd4 {[%emt 0:00:13]} 34. Qd3 {[%emt 0:00:35]} Qg5+ {[%emt 0:01:54]} 35. Kh1 {[%emt 0:00:09]} Qd5 {[%emt 0:00:23]} 36. Be2 {[%emt 0:00:30]} Re7 {[%emt 0:01:19]} 37. a4 {[%emt 0:01:30]} Ng4 {[%emt 0:00:45]} 38. Kg1 {[%emt 0:03:07]} Ne5 {[%emt 0:04:54]} 39. Qd1 {[%emt 0:02:08]} d3 {[%emt 0:00:25]} 40. Kf2 {[%emt 0:02:06]} Ng4+ {[%emt 0:00:44]} 0-1